| Tag |
First Indicator |
Second Indicator |
Subfields |
| LEADER |
00000cam a2200000Ia 4500 |
| 001 |
in00002575792 |
| 005 |
20210727090400.0 |
| 006 |
m d |
| 007 |
cr cn| |
| 008 |
100323s2010 gw s 001 0 eng d |
| 020 |
|
|
|a 3642005187
|
| 020 |
|
|
|a 9783642005183
|
| 035 |
|
|
|a (OCoLC)567362478
|
| 035 |
|
|
|a (OCoLC)ocn567362478
|
| 035 |
|
|
|a 3706689
|
| 037 |
|
|
|a 978-3-642-00517-6
|b Springer
|n http://www.springerlink.com
|
| 040 |
|
|
|a GW5XE
|b eng
|c GW5XE
|d UtOrBLW
|
| 049 |
|
|
|a TXAC
|
| 050 |
1 |
4 |
|a K5301
|b .G76 2010
|
| 082 |
0 |
4 |
|a 345.0235
|2 22
|
| 100 |
1 |
|
|a Grover, Sonja C.
|0 http://id.loc.gov/authorities/names/n81065826
|
| 245 |
1 |
0 |
|a Prosecuting international crimes and human rights abuses committed against children :
|b leading international court cases /
|c Sonja C. Grover.
|
| 264 |
|
1 |
|a Heidelberg ;
|a London :
|b Springer,
|c [2010]
|
| 264 |
|
4 |
|c ©2010
|
| 300 |
|
|
|a xxvii, 1132 pages ;
|c 24 cm.
|
| 336 |
|
|
|a text
|b txt
|2 rdacontent
|
| 337 |
|
|
|a computer
|b c
|2 rdamedia
|
| 338 |
|
|
|a online resource
|b cr
|2 rdacarrier
|
| 500 |
|
|
|a Electronic resource.
|
| 500 |
|
|
|a Includes index.
|
| 533 |
|
|
|a Electronic reproduction.
|b New York :
|c Springer,
|d 2010.
|n Mode of access: World Wide Web.
|n System requirements: Web browser.
|n Title from title screen (viewed on Feb. 18, 2010).
|n Access may be restricted to users at subscribing institutions.
|
| 650 |
|
0 |
|a Children
|x Crimes against
|v Cases.
|
| 650 |
|
0 |
|a Children's rights
|v Cases.
|
| 650 |
|
0 |
|a International crimes
|v Cases.
|
| 655 |
|
7 |
|a Electronic books.
|2 local
|
| 710 |
2 |
|
|a SpringerLink (Online service)
|0 http://id.loc.gov/authorities/names/no2005046756
|
| 776 |
1 |
|
|c Original
|z 9783642005176
|z 3642005179
|z 3642005187
|z 9783642005183
|w (DLC) 2009926067
|w (OCoLC)310401068
|
| 856 |
4 |
0 |
|u http://proxy.library.tamu.edu/login?url=https://dx.doi.org/10.1007/978-3-642-00518-3
|z Connect to the full text of this electronic book
|t 0
|
| 994 |
|
|
|a 92
|b TXA
|
| 999 |
|
|
|a MARS
|
| 999 |
f |
f |
|s 78280465-bd98-35ee-a413-97926e425201
|i d725a00c-d43a-3ec7-80a1-e5c7ddc02802
|t 0
|
| 952 |
f |
f |
|a Texas A&M University
|b College Station
|c Electronic Resources
|d Available Online
|t 0
|e K5301 .G76 2010
|h Library of Congress classification
|
| 998 |
f |
f |
|a K5301 .G76 2010
|t 0
|l Available Online
|